| 000 | 01044nam a2200217 i 4500 | ||
|---|---|---|---|
| 001 | 182382 | ||
| 003 | ES-MaACL | ||
| 005 | 20240424091328.0 | ||
| 008 | 130807q19201930sp |||| | spa d | ||
| 245 | 0 | 0 |
_aPoetas líricos románticos. _pI. |
| 260 |
_aMadrid : _bBruno del Amo, _c[192-?] |
||
| 300 |
_a94 p. ; _c16 cm. |
||
| 490 | 1 |
_aLetras españolas: colección de obras selectas de nuestros autores clásicos / publicado bajo la dirección de Juan Hurtado y J. de la Serna y Angel González Palencia ; _v16 |
|
| 596 | _aEn cubierta: Editorial Voluntad. | ||
| 600 | 1 | 4 |
_aHurtado y J. de la Serna, Juan. _9153193 |
| 600 | 0 | 4 |
_aGonzalea Palencia, Angel. _958266 |
| 650 | 4 |
_aPoesía española- _yS.XIX _916217 |
|
| 830 | 0 |
_aLetras españolas: colección de obras selectas de nuestros autores clásicos / publicado bajo la dirección de Juan Hurtado y J. de la Serna y Angel González Palencia ; _v16 _9224829 |
|
| 852 |
_aES-MaACL _j2321-F-7 _z.- Donat. herederos de la bibl. de Mª del Pilar Costa Palacín |
||
| 999 |
_c182382 _d182382 |
||